Statistics for One Question About Each Asian Country

Click here to take the quiz!

General Stats

  • This quiz has been taken 39 times
  • The average score is 24 of 49

Answer Stats

QuestionAnswer% Correct
What religion is practiced by 81,3% of the population of Nepal?Hinduism
92%
What Indonesian "dragon" is the largest species of lizard?Komodo Dragon
92%
What word for a migratory people, can be used to refer to 30% of Mongolia's population?Nomadic
81%
What food product was famously banned in Singapore in 1992?Chewing Gum
78%
What musical event did Azerbaijan host in 2012?Eurovision
78%
What fictional TV journalist from Kazakhstan documents "cultural learnings of America"?Borat
75%
What language, spoken by 12% of the population, was banned
in Turkey from 1980–1991?
Kurdish
75%
What Chinese religion / philosophical tradition follows the teachings of Laozi?Taoism
75%
What is the title of the monarch of Kuwait?Emir
69%
By what boxer was Joe Frazier defeated in October 1, 1975 in Manila?Muhammad Ali
69%
What type of island, a coral reef surrounding a lagoon, is the Maldives
mostly composed of?
Atoll
67%
What is the second-largest ethnic group in Brunei?Chinese
67%
Who was assassinated in Nara, in 2022, while delivering a speech?Shinzo Abe
67%
What type of "tea" of Taiwanese-origin often contains tapioca balls?Bubble Tea
64%
What Lebanese Shia political party is considered a terrorist organization by the EU?Hezbollah
64%
What is another name for Cambodia?Kampuchea
61%
What South Korean movie became the first non-English language Oscar Best Picture?Parasite
61%
What expensive type of building material covers a high percentage of
the buildings in the Turkmen capital?
White Marble
61%
What title was Sri Lanka's Sirimavo Bandaranaike the first woman
to officially hold in In 1960?
Prime Minister
58%
What Qatari new broadcaster's name literally means "The Island"?Al Jazeera
56%
What is the name of the legislative of Israel?Knesset
56%
What famous American basketball player is friends with Kim Jong-un?Dennis Rodman
53%
What ancient goddess was supposedly born from sea foam on the coast of Cyprus?Aphrodite
50%
What name is given to the Vietnamese New Year holiday?Tet
50%
What is the most common last name in Pakistan?Khan
47%
What form of writing system is used to write the Tajiki Persian?Cyrillic
44%
What "golden age" was Baghdad the center of between the 8th–13th centuries?Islamic Golden Age
44%
What is Uzbekistan's primary cash crop?Cotton
42%
What magazine's cover in June 1985 was a picture of an Afghan girl?National Geographic
42%
What is the most famous food from Thailand?Pad Thai
42%
What is the name of the largest island of Yemen?Socotra
42%
What region had an ethnic cleansing of Georgians between 1992–1998?Abkhazia
39%
What is the most popular sport in Bhutan?Archery
39%
What type of weapon is found on the Omani flag?Dagger
36%
What is the main river of Myanmar?Irrawaddy
36%
What is the company of the Malaysian Jimmy Choo known for making?Women's Shoes
36%
What empire once had an Arab emperor, who was born in Shahba, Syria in 204 AD?Roman Empire
33%
What was Burj Khalifa supposed to be named prior to its inauguration in 2010?Burj Dubai
31%
The region of Arslanbob in Kyrgyzstan contains the largest forest
of what type of nut-bearing tree?
Walnut
31%
What now-extinct animal last called the Wrangel Island home?Woolly Mammoth
31%
In what Indian city did the British general, Reginald Dyer, order the massacre of a
group of peaceful protesters in 1919?
Amritsar
28%
What is the name of the royal house of Jordan?Hashemites
28%
By what three initials is the crown prince of Saudi Arabia commonly known?MBS
28%
What country ruled Bahrain between 1521–1602?Portugal
28%
What is the name of the mangrove region of southwestern Bangladesh
that is home to many tigers?
Sunderbans
22%
What word, ending in "stan", is the Armenian for "Armenia"?Hayastan
19%
The death of what 22-years-old woman sparked nationwide protests in Iran in 2022?Mahsa Amini
19%
What is the official language of East Timor, alongside Portuguese?Tetum
19%
What war is the cause of Laos being supposedly the most heavily bombed
country per capita in history?
Laotian Civil War
17%

Score Distribution

Percentile by Number Answered

Percent of People with Each Score

Your Score History

You have not taken this quiz